000 00327nam a2200121Ia 4500
008 190216s9999||||xx |||||||||||||| ||und||
100 _aSelvarajan & Subrat Kar & Srinivas
245 0 _aOptical Fibre Communication
250 _a1st Ed.
260 _bTata Mcgrawhill Publishers
_c2003
650 _aPhysics
942 _cBK
999 _c33790
_d33790